<?xml version="1.0" encoding="UTF-8"?>
<record
    xmlns:xsi="http://www.w3.org/2001/XMLSchema-instance"
    xsi:schemaLocation="http://www.loc.gov/MARC21/slim http://www.loc.gov/standards/marcxml/schema/MARC21slim.xsd"
    xmlns="http://www.loc.gov/MARC21/slim">

  <leader>01932nas a22003731i 4500</leader>
  <controlfield tag="003">EG-ScBUE</controlfield>
  <controlfield tag="005">20240122152615.0</controlfield>
  <controlfield tag="008">240122c20219999ua fr pd  ||| 00| f0ara d</controlfield>
  <datafield tag="022" ind1=" " ind2=" ">
    <subfield code="a">25352237 (print)</subfield>
  </datafield>
  <datafield tag="022" ind1=" " ind2=" ">
    <subfield code="a">25352245 (online)</subfield>
  </datafield>
  <datafield tag="040" ind1=" " ind2=" ">
    <subfield code="a">EG-ScBUE</subfield>
    <subfield code="b">ara</subfield>
    <subfield code="e">rda</subfield>
    <subfield code="c">EG-ScBUE</subfield>
    <subfield code="d">EG-ScBUE</subfield>
  </datafield>
  <datafield tag="041" ind1="0" ind2=" ">
    <subfield code="a">ara</subfield>
    <subfield code="a">eng</subfield>
  </datafield>
  <datafield tag="082" ind1="0" ind2="4">
    <subfield code="2">22</subfield>
    <subfield code="a">340.0 285</subfield>
    <subfield code="b">&#x645; &#x62C; &#x644;</subfield>
  </datafield>
  <datafield tag="245" ind1="0" ind2="0">
    <subfield code="a">&#x645;&#x62C;&#x644;&#x629; &#x627;&#x644;&#x642;&#x627;&#x646;&#x648;&#x646; &#x648;&#x627;&#x644;&#x62A;&#x643;&#x646;&#x648;&#x644;&#x648;&#x62C;&#x64A;&#x627; :</subfield>
    <subfield code="b">&#x645;&#x62C;&#x644;&#x629; &#x639;&#x644;&#x645;&#x64A;&#x629; &#x645;&#x62D;&#x643;&#x645;&#x629; &#x645;&#x62A;&#x62E;&#x635;&#x635;&#x629; = Journal of law and emerging technologies : a specialised peer-reviewed scientific journal</subfield>
  </datafield>
  <datafield tag="246" ind1="3" ind2="5">
    <subfield code="a">Journal of law and emerging technologies :</subfield>
    <subfield code="b">a specialised peer-reviewed scientific journal</subfield>
  </datafield>
  <datafield tag="264" ind1=" " ind2="1">
    <subfield code="a">&#x627;&#x644;&#x642;&#x627;&#x647;&#x631;&#x629; :</subfield>
    <subfield code="b">&#x627;&#x644;&#x62C;&#x627;&#x645;&#x639;&#x629; &#x627;&#x644;&#x628;&#x631;&#x64A;&#x637;&#x627;&#x646;&#x64A;&#x629; &#x641;&#x64A; &#x645;&#x635;&#x631;&#x60C; &#x643;&#x644;&#x64A;&#x629; &#x627;&#x644;&#x642;&#x627;&#x646;&#x648;&#x646;&#x60C;</subfield>
    <subfield code="c">2021.</subfield>
  </datafield>
  <datafield tag="300" ind1=" " ind2=" ">
    <subfield code="a">&#x645;&#x62C;&#x644;&#x62F; &#x61B;</subfield>
    <subfield code="c">24 &#x633;&#x645;</subfield>
  </datafield>
  <datafield tag="310" ind1=" " ind2=" ">
    <subfield code="a">&#x646;&#x635;&#x641; &#x633;&#x646;&#x648;&#x64A;&#x629;</subfield>
  </datafield>
  <datafield tag="336" ind1=" " ind2=" ">
    <subfield code="2">rdacontent</subfield>
    <subfield code="b">&#x646;&#x635;</subfield>
    <subfield code="a">txt</subfield>
  </datafield>
  <datafield tag="337" ind1=" " ind2=" ">
    <subfield code="2">rdamedia</subfield>
    <subfield code="a">&#x628;&#x62F;&#x648;&#x646; &#x648;&#x633;&#x64A;&#x637;</subfield>
    <subfield code="b">n</subfield>
  </datafield>
  <datafield tag="338" ind1=" " ind2=" ">
    <subfield code="2">rdacarrier</subfield>
    <subfield code="a">&#x645;&#x62C;&#x644;&#x62F;</subfield>
    <subfield code="b">nc</subfield>
  </datafield>
  <datafield tag="362" ind1="0" ind2=" ">
    <subfield code="a">&#x627;&#x644;&#x645;&#x62C;&#x644;&#x62F; &#x627;&#x644;&#x623;&#x648;&#x644;&#x60C; &#x627;&#x644;&#x639;&#x62F;&#x62F; &#x627;&#x644;&#x623;&#x648;&#x644; (&#x623;&#x643;&#x62A;&#x648;&#x628;&#x631; 2021)-</subfield>
  </datafield>
  <datafield tag="500" ind1=" " ind2=" ">
    <subfield code="a">&#x627;&#x644;&#x639;&#x646;&#x648;&#x627;&#x646; &#x645;&#x646; &#x635;&#x641;&#x62D;&#x629; &#x627;&#x644;&#x639;&#x646;&#x648;&#x627;&#x646;.</subfield>
  </datafield>
  <datafield tag="505" ind1="0" ind2=" ">
    <subfield code="a">&#x627;&#x644;&#x645;&#x62C;&#x644;&#x62F; &#x627;&#x644;&#x62B;&#x627;&#x646;&#x64A;&#x60C; &#x627;&#x644;&#x639;&#x62F;&#x62F; &#x627;&#x644;&#x623;&#x648;&#x644; (&#x623;&#x628;&#x631;&#x64A;&#x644; 2022) - &#x627;&#x644;&#x645;&#x62C;&#x644;&#x62F; &#x627;&#x644;&#x62B;&#x627;&#x646;&#x64A;&#x60C; &#x627;&#x644;&#x639;&#x62F;&#x62F; &#x627;&#x644;&#x62B;&#x627;&#x646;&#x64A; (&#x623;&#x643;&#x62A;&#x648;&#x628;&#x631; 2022)</subfield>
  </datafield>
  <datafield tag="546" ind1=" " ind2=" ">
    <subfield code="a">&#x627;&#x644;&#x646;&#x635; &#x628;&#x627;&#x644;&#x644;&#x63A;&#x62A;&#x64A;&#x646; &#x627;&#x644;&#x639;&#x631;&#x628;&#x64A;&#x629; &#x648;&#x627;&#x644;&#x625;&#x646;&#x62C;&#x644;&#x64A;&#x632;&#x64A;&#x629;.</subfield>
  </datafield>
  <datafield tag="588" ind1="1" ind2=" ">
    <subfield code="a">&#x622;&#x62E;&#x631; &#x639;&#x62F;&#x62F; &#x62A;&#x645; &#x627;&#x635;&#x62F;&#x627;&#x631;&#x647; : &#x627;&#x644;&#x645;&#x62C;&#x644;&#x62F; &#x627;&#x644;&#x62B;&#x627;&#x644;&#x62B;&#x60C; &#x627;&#x644;&#x639;&#x62F;&#x62F; &#x627;&#x644;&#x623;&#x648;&#x644; (&#x623;&#x628;&#x631;&#x64A;&#x644; 2023).</subfield>
  </datafield>
  <datafield tag="650" ind1=" " ind2="7">
    <subfield code="2">BUEsh</subfield>
    <subfield code="a">&#x627;&#x644;&#x642;&#x627;&#x646;&#x648;&#x646;</subfield>
    <subfield code="x">&#x645;&#x639;&#x627;&#x644;&#x62C;&#x629; &#x627;&#x644;&#x628;&#x64A;&#x627;&#x646;&#x627;&#x62A;</subfield>
    <subfield code="v">&#x62F;&#x648;&#x631;&#x64A;&#x627;&#x62A;.</subfield>
  </datafield>
  <datafield tag="650" ind1=" " ind2="7">
    <subfield code="2">BUEsh</subfield>
    <subfield code="a">&#x627;&#x644;&#x62A;&#x643;&#x646;&#x648;&#x644;&#x648;&#x62C;&#x64A;&#x627;</subfield>
    <subfield code="x">&#x642;&#x648;&#x627;&#x646;&#x64A;&#x646; &#x648;&#x62A;&#x634;&#x631;&#x64A;&#x639;&#x627;&#x62A;</subfield>
    <subfield code="v">&#x62F;&#x648;&#x631;&#x64A;&#x627;&#x62A;.</subfield>
  </datafield>
  <datafield tag="650" ind1=" " ind2="7">
    <subfield code="2">BUEsh</subfield>
    <subfield code="a">&#x627;&#x644;&#x642;&#x627;&#x646;&#x648;&#x646; &#x648;&#x627;&#x644;&#x62A;&#x643;&#x646;&#x648;&#x644;&#x648;&#x62C;&#x64A;&#x627;</subfield>
    <subfield code="v">&#x62F;&#x648;&#x631;&#x64A;&#x627;&#x62A;.</subfield>
  </datafield>
  <datafield tag="653" ind1=" " ind2=" ">
    <subfield code="b">LLAAWW</subfield>
    <subfield code="c">January2024</subfield>
  </datafield>
  <datafield tag="655" ind1=" " ind2=" ">
    <subfield code="a">&#x627;&#x644;&#x62F;&#x648;&#x631;&#x64A;&#x627;&#x62A;</subfield>
  </datafield>
  <datafield tag="710" ind1="2" ind2=" ">
    <subfield code="a">&#x627;&#x644;&#x62C;&#x627;&#x645;&#x639;&#x629; &#x627;&#x644;&#x628;&#x631;&#x64A;&#x637;&#x627;&#x646;&#x64A;&#x629; &#x641;&#x64A; &#x645;&#x635;&#x631;.</subfield>
    <subfield code="b">&#x643;&#x644;&#x64A;&#x629; &#x627;&#x644;&#x642;&#x627;&#x646;&#x648;&#x646;&#x60C;</subfield>
    <subfield code="e">&#x645;&#x624;&#x644;&#x641;.</subfield>
  </datafield>
  <datafield tag="942" ind1=" " ind2=" ">
    <subfield code="2">ddc</subfield>
    <subfield code="c">JOURNAL</subfield>
    <subfield code="s">1</subfield>
  </datafield>
  <datafield tag="999" ind1=" " ind2=" ">
    <subfield code="c">30613</subfield>
    <subfield code="d">30584</subfield>
  </datafield>
  <datafield tag="952" ind1=" " ind2=" ">
    <subfield code="0">0</subfield>
    <subfield code="1">0</subfield>
    <subfield code="2">ddc</subfield>
    <subfield code="4">0</subfield>
    <subfield code="7">0</subfield>
    <subfield code="8">REF</subfield>
    <subfield code="9">52293</subfield>
    <subfield code="a">MAIN</subfield>
    <subfield code="b">MAIN</subfield>
    <subfield code="c">1ST</subfield>
    <subfield code="d">2024-01-22</subfield>
    <subfield code="e">&#x643;&#x644;&#x64A;&#x629; &#x627;&#x644;&#x642;&#x627;&#x646;&#x648;&#x646; &#x628;&#x627;&#x644;&#x62C;&#x627;&#x645;&#x639;&#x629; &#x627;&#x644;&#x628;&#x631;&#x64A;&#x637;&#x627;&#x646;&#x64A;&#x629; &#x641;&#x64A; &#x645;&#x635;&#x631;</subfield>
    <subfield code="l">0</subfield>
    <subfield code="o">340.0285 &#x645; &#x62C; &#x644;</subfield>
    <subfield code="p">000056947</subfield>
    <subfield code="r">2025-07-15 00:00:00</subfield>
    <subfield code="w">2024-01-22</subfield>
    <subfield code="y">JOURNAL</subfield>
    <subfield code="z">&#x645;&#x62C;. 1&#x60C; &#x639;. 1</subfield>
  </datafield>
  <datafield tag="952" ind1=" " ind2=" ">
    <subfield code="0">0</subfield>
    <subfield code="1">0</subfield>
    <subfield code="2">ddc</subfield>
    <subfield code="4">0</subfield>
    <subfield code="7">0</subfield>
    <subfield code="8">REF</subfield>
    <subfield code="9">52294</subfield>
    <subfield code="a">MAIN</subfield>
    <subfield code="b">MAIN</subfield>
    <subfield code="c">1ST</subfield>
    <subfield code="d">2024-01-22</subfield>
    <subfield code="e">&#x643;&#x644;&#x64A;&#x629; &#x627;&#x644;&#x642;&#x627;&#x646;&#x648;&#x646; &#x628;&#x627;&#x644;&#x62C;&#x627;&#x645;&#x639;&#x629; &#x627;&#x644;&#x628;&#x631;&#x64A;&#x637;&#x627;&#x646;&#x64A;&#x629; &#x641;&#x64A; &#x645;&#x635;&#x631;</subfield>
    <subfield code="l">0</subfield>
    <subfield code="o">340.0285 &#x645; &#x62C; &#x644;</subfield>
    <subfield code="p">000056948</subfield>
    <subfield code="r">2025-07-15 00:00:00</subfield>
    <subfield code="w">2024-01-22</subfield>
    <subfield code="y">JOURNAL</subfield>
    <subfield code="z">&#x645;&#x62C;. 1&#x60C; &#x639;. 1</subfield>
  </datafield>
  <datafield tag="952" ind1=" " ind2=" ">
    <subfield code="0">0</subfield>
    <subfield code="1">0</subfield>
    <subfield code="2">ddc</subfield>
    <subfield code="4">0</subfield>
    <subfield code="7">0</subfield>
    <subfield code="8">REF</subfield>
    <subfield code="9">52295</subfield>
    <subfield code="a">MAIN</subfield>
    <subfield code="b">MAIN</subfield>
    <subfield code="c">1ST</subfield>
    <subfield code="d">2024-01-22</subfield>
    <subfield code="e">&#x643;&#x644;&#x64A;&#x629; &#x627;&#x644;&#x642;&#x627;&#x646;&#x648;&#x646; &#x628;&#x627;&#x644;&#x62C;&#x627;&#x645;&#x639;&#x629; &#x627;&#x644;&#x628;&#x631;&#x64A;&#x637;&#x627;&#x646;&#x64A;&#x629; &#x641;&#x64A; &#x645;&#x635;&#x631;</subfield>
    <subfield code="l">0</subfield>
    <subfield code="o">340.0285 &#x645; &#x62C; &#x644;</subfield>
    <subfield code="p">000056949</subfield>
    <subfield code="r">2025-07-15 00:00:00</subfield>
    <subfield code="w">2024-01-22</subfield>
    <subfield code="y">JOURNAL</subfield>
    <subfield code="z">&#x645;&#x62C;. 1&#x60C; &#x639;. 1</subfield>
  </datafield>
  <datafield tag="952" ind1=" " ind2=" ">
    <subfield code="0">0</subfield>
    <subfield code="1">0</subfield>
    <subfield code="2">ddc</subfield>
    <subfield code="4">0</subfield>
    <subfield code="7">0</subfield>
    <subfield code="8">REF</subfield>
    <subfield code="9">52296</subfield>
    <subfield code="a">MAIN</subfield>
    <subfield code="b">MAIN</subfield>
    <subfield code="c">1ST</subfield>
    <subfield code="d">2024-01-22</subfield>
    <subfield code="e">&#x643;&#x644;&#x64A;&#x629; &#x627;&#x644;&#x642;&#x627;&#x646;&#x648;&#x646; &#x628;&#x627;&#x644;&#x62C;&#x627;&#x645;&#x639;&#x629; &#x627;&#x644;&#x628;&#x631;&#x64A;&#x637;&#x627;&#x646;&#x64A;&#x629; &#x641;&#x64A; &#x645;&#x635;&#x631;</subfield>
    <subfield code="l">0</subfield>
    <subfield code="o">340.0285 &#x645; &#x62C; &#x644;</subfield>
    <subfield code="p">000056950</subfield>
    <subfield code="r">2025-07-15 00:00:00</subfield>
    <subfield code="w">2024-01-22</subfield>
    <subfield code="y">JOURNAL</subfield>
    <subfield code="z">&#x645;&#x62C;. 1&#x60C; &#x639;. 1</subfield>
  </datafield>
  <datafield tag="952" ind1=" " ind2=" ">
    <subfield code="0">0</subfield>
    <subfield code="1">0</subfield>
    <subfield code="2">ddc</subfield>
    <subfield code="4">0</subfield>
    <subfield code="7">0</subfield>
    <subfield code="8">REF</subfield>
    <subfield code="9">52297</subfield>
    <subfield code="a">MAIN</subfield>
    <subfield code="b">MAIN</subfield>
    <subfield code="c">1ST</subfield>
    <subfield code="d">2024-01-22</subfield>
    <subfield code="e">&#x643;&#x644;&#x64A;&#x629; &#x627;&#x644;&#x642;&#x627;&#x646;&#x648;&#x646; &#x628;&#x627;&#x644;&#x62C;&#x627;&#x645;&#x639;&#x629; &#x627;&#x644;&#x628;&#x631;&#x64A;&#x637;&#x627;&#x646;&#x64A;&#x629; &#x641;&#x64A; &#x645;&#x635;&#x631;</subfield>
    <subfield code="l">0</subfield>
    <subfield code="o">340.0285 &#x645; &#x62C; &#x644;</subfield>
    <subfield code="p">000056951</subfield>
    <subfield code="r">2025-07-15 00:00:00</subfield>
    <subfield code="w">2024-01-22</subfield>
    <subfield code="y">JOURNAL</subfield>
    <subfield code="z">&#x645;&#x62C;. 2&#x60C; &#x639;. 1</subfield>
  </datafield>
  <datafield tag="952" ind1=" " ind2=" ">
    <subfield code="0">0</subfield>
    <subfield code="1">0</subfield>
    <subfield code="2">ddc</subfield>
    <subfield code="4">0</subfield>
    <subfield code="7">0</subfield>
    <subfield code="8">REF</subfield>
    <subfield code="9">52298</subfield>
    <subfield code="a">MAIN</subfield>
    <subfield code="b">MAIN</subfield>
    <subfield code="c">1ST</subfield>
    <subfield code="d">2024-01-22</subfield>
    <subfield code="e">&#x643;&#x644;&#x64A;&#x629; &#x627;&#x644;&#x642;&#x627;&#x646;&#x648;&#x646; &#x628;&#x627;&#x644;&#x62C;&#x627;&#x645;&#x639;&#x629; &#x627;&#x644;&#x628;&#x631;&#x64A;&#x637;&#x627;&#x646;&#x64A;&#x629; &#x641;&#x64A; &#x645;&#x635;&#x631;</subfield>
    <subfield code="l">0</subfield>
    <subfield code="o">340.0285 &#x645; &#x62C; &#x644;</subfield>
    <subfield code="p">000056952</subfield>
    <subfield code="r">2025-07-15 00:00:00</subfield>
    <subfield code="w">2024-01-22</subfield>
    <subfield code="y">JOURNAL</subfield>
    <subfield code="z">&#x645;&#x62C;. 2&#x60C; &#x639;. 1</subfield>
  </datafield>
  <datafield tag="952" ind1=" " ind2=" ">
    <subfield code="0">0</subfield>
    <subfield code="1">0</subfield>
    <subfield code="2">ddc</subfield>
    <subfield code="4">0</subfield>
    <subfield code="7">0</subfield>
    <subfield code="8">REF</subfield>
    <subfield code="9">52299</subfield>
    <subfield code="a">MAIN</subfield>
    <subfield code="b">MAIN</subfield>
    <subfield code="c">1ST</subfield>
    <subfield code="d">2024-01-22</subfield>
    <subfield code="e">&#x643;&#x644;&#x64A;&#x629; &#x627;&#x644;&#x642;&#x627;&#x646;&#x648;&#x646; &#x628;&#x627;&#x644;&#x62C;&#x627;&#x645;&#x639;&#x629; &#x627;&#x644;&#x628;&#x631;&#x64A;&#x637;&#x627;&#x646;&#x64A;&#x629; &#x641;&#x64A; &#x645;&#x635;&#x631;</subfield>
    <subfield code="l">0</subfield>
    <subfield code="o">340.0285 &#x645; &#x62C; &#x644;</subfield>
    <subfield code="p">000056953</subfield>
    <subfield code="r">2025-07-15 00:00:00</subfield>
    <subfield code="w">2024-01-22</subfield>
    <subfield code="y">JOURNAL</subfield>
    <subfield code="z">&#x645;&#x62C;. 2&#x60C; &#x639;. 1</subfield>
  </datafield>
  <datafield tag="952" ind1=" " ind2=" ">
    <subfield code="0">0</subfield>
    <subfield code="1">0</subfield>
    <subfield code="2">ddc</subfield>
    <subfield code="4">0</subfield>
    <subfield code="7">0</subfield>
    <subfield code="8">REF</subfield>
    <subfield code="9">52300</subfield>
    <subfield code="a">MAIN</subfield>
    <subfield code="b">MAIN</subfield>
    <subfield code="c">1ST</subfield>
    <subfield code="d">2024-01-22</subfield>
    <subfield code="e">&#x643;&#x644;&#x64A;&#x629; &#x627;&#x644;&#x642;&#x627;&#x646;&#x648;&#x646; &#x628;&#x627;&#x644;&#x62C;&#x627;&#x645;&#x639;&#x629; &#x627;&#x644;&#x628;&#x631;&#x64A;&#x637;&#x627;&#x646;&#x64A;&#x629; &#x641;&#x64A; &#x645;&#x635;&#x631;</subfield>
    <subfield code="l">0</subfield>
    <subfield code="o">340.0285 &#x645; &#x62C; &#x644;</subfield>
    <subfield code="p">000056954</subfield>
    <subfield code="r">2025-07-15 00:00:00</subfield>
    <subfield code="w">2024-01-22</subfield>
    <subfield code="y">JOURNAL</subfield>
    <subfield code="z">&#x645;&#x62C;. 2&#x60C; &#x639;. 1</subfield>
  </datafield>
  <datafield tag="952" ind1=" " ind2=" ">
    <subfield code="0">0</subfield>
    <subfield code="1">0</subfield>
    <subfield code="2">ddc</subfield>
    <subfield code="4">0</subfield>
    <subfield code="7">0</subfield>
    <subfield code="8">REF</subfield>
    <subfield code="9">52301</subfield>
    <subfield code="a">MAIN</subfield>
    <subfield code="b">MAIN</subfield>
    <subfield code="c">1ST</subfield>
    <subfield code="d">2024-01-22</subfield>
    <subfield code="e">&#x643;&#x644;&#x64A;&#x629; &#x627;&#x644;&#x642;&#x627;&#x646;&#x648;&#x646; &#x628;&#x627;&#x644;&#x62C;&#x627;&#x645;&#x639;&#x629; &#x627;&#x644;&#x628;&#x631;&#x64A;&#x637;&#x627;&#x646;&#x64A;&#x629; &#x641;&#x64A; &#x645;&#x635;&#x631;</subfield>
    <subfield code="l">0</subfield>
    <subfield code="o">340.0285 &#x645; &#x62C; &#x644;</subfield>
    <subfield code="p">000056955</subfield>
    <subfield code="r">2025-07-15 00:00:00</subfield>
    <subfield code="w">2024-01-22</subfield>
    <subfield code="y">JOURNAL</subfield>
    <subfield code="z">&#x645;&#x62C;. 2&#x60C; &#x639;. 2</subfield>
  </datafield>
  <datafield tag="952" ind1=" " ind2=" ">
    <subfield code="0">0</subfield>
    <subfield code="1">0</subfield>
    <subfield code="2">ddc</subfield>
    <subfield code="4">0</subfield>
    <subfield code="7">0</subfield>
    <subfield code="8">REF</subfield>
    <subfield code="9">52302</subfield>
    <subfield code="a">MAIN</subfield>
    <subfield code="b">MAIN</subfield>
    <subfield code="c">1ST</subfield>
    <subfield code="d">2024-01-22</subfield>
    <subfield code="e">&#x643;&#x644;&#x64A;&#x629; &#x627;&#x644;&#x642;&#x627;&#x646;&#x648;&#x646; &#x628;&#x627;&#x644;&#x62C;&#x627;&#x645;&#x639;&#x629; &#x627;&#x644;&#x628;&#x631;&#x64A;&#x637;&#x627;&#x646;&#x64A;&#x629; &#x641;&#x64A; &#x645;&#x635;&#x631;</subfield>
    <subfield code="l">0</subfield>
    <subfield code="o">340.0285 &#x645; &#x62C; &#x644;</subfield>
    <subfield code="p">000056956</subfield>
    <subfield code="r">2025-07-15 00:00:00</subfield>
    <subfield code="w">2024-01-22</subfield>
    <subfield code="y">JOURNAL</subfield>
    <subfield code="z">&#x645;&#x62C;. 2&#x60C; &#x639;. 2</subfield>
  </datafield>
  <datafield tag="952" ind1=" " ind2=" ">
    <subfield code="0">0</subfield>
    <subfield code="1">0</subfield>
    <subfield code="2">ddc</subfield>
    <subfield code="4">0</subfield>
    <subfield code="7">0</subfield>
    <subfield code="8">REF</subfield>
    <subfield code="9">52303</subfield>
    <subfield code="a">MAIN</subfield>
    <subfield code="b">MAIN</subfield>
    <subfield code="c">1ST</subfield>
    <subfield code="d">2024-01-22</subfield>
    <subfield code="e">&#x643;&#x644;&#x64A;&#x629; &#x627;&#x644;&#x642;&#x627;&#x646;&#x648;&#x646; &#x628;&#x627;&#x644;&#x62C;&#x627;&#x645;&#x639;&#x629; &#x627;&#x644;&#x628;&#x631;&#x64A;&#x637;&#x627;&#x646;&#x64A;&#x629; &#x641;&#x64A; &#x645;&#x635;&#x631;</subfield>
    <subfield code="l">0</subfield>
    <subfield code="o">340.0285 &#x645; &#x62C; &#x644;</subfield>
    <subfield code="p">000056957</subfield>
    <subfield code="r">2025-07-15 00:00:00</subfield>
    <subfield code="w">2024-01-22</subfield>
    <subfield code="y">JOURNAL</subfield>
    <subfield code="z">&#x645;&#x62C;. 3&#x60C; &#x639;. 1</subfield>
  </datafield>
  <datafield tag="952" ind1=" " ind2=" ">
    <subfield code="0">0</subfield>
    <subfield code="1">0</subfield>
    <subfield code="2">ddc</subfield>
    <subfield code="4">0</subfield>
    <subfield code="7">0</subfield>
    <subfield code="8">REF</subfield>
    <subfield code="9">52304</subfield>
    <subfield code="a">MAIN</subfield>
    <subfield code="b">MAIN</subfield>
    <subfield code="c">1ST</subfield>
    <subfield code="d">2024-01-22</subfield>
    <subfield code="e">&#x643;&#x644;&#x64A;&#x629; &#x627;&#x644;&#x642;&#x627;&#x646;&#x648;&#x646; &#x628;&#x627;&#x644;&#x62C;&#x627;&#x645;&#x639;&#x629; &#x627;&#x644;&#x628;&#x631;&#x64A;&#x637;&#x627;&#x646;&#x64A;&#x629; &#x641;&#x64A; &#x645;&#x635;&#x631;</subfield>
    <subfield code="l">0</subfield>
    <subfield code="o">340.0285 &#x645; &#x62C; &#x644;</subfield>
    <subfield code="p">000056958</subfield>
    <subfield code="r">2025-07-15 00:00:00</subfield>
    <subfield code="w">2024-01-22</subfield>
    <subfield code="y">JOURNAL</subfield>
    <subfield code="z">&#x645;&#x62C;. 3&#x60C; &#x639;. 1</subfield>
  </datafield>
</record>
